[Event "Chigorin mem"]
[Site "St Petersburg"]
[Date "1999.11.09"]
[Round "8"]
[White "Shchekachev, Andrei"]
[Black "Shalimov, Valery"]
[Result "1-0"]
[WhiteElo "2505"]
[BlackElo "2423"]

1.c4 e6 2.Nf3 d5 3.d4 Nf6 4.Nc3 c6 5.Bg5 h6 6.Bh4 dxc4 7.e4 g5 8.Bg3 b5 9.Be2 Bb7
10.h4 g4 11.Ne5 Nbd7 12.Bxg4 Rg8 13.Nxd7 Qxd7 14.Bf3 b4 15.Na4 c5 16.Nxc5 Bxc5
17.dxc5 O-O-O 18.Qxd7+ Rxd7 19.Rc1 Bxe4 20.Rxc4 Bxf3 21.gxf3 a5 22.Ke2 Rd5
23.a3 bxa3 24.bxa3 e5 25.Rb1 Nh5 26.c6 f5 27.c7 Kd7 28.Rb6 f4 29.Rxh6 Ng7
30.Rg6 Kc8 31.Rb6 Kd7 32.c8=Q+ Rxc8 33.Rb7+ Kd8  1-0

[Event "ch-ESP (team) Div 2"]
[Site "Cala Galdana ESP"]
[Date "1999.11.10"]
[Round "3"]
[White "Vassallo,M"]
[Black "Valles Moreno,I"]
[Result "1-0"]
[WhiteElo "2391"]
[BlackElo "2175"]

1.Nf3 e6 2.c4 d5 3.b3 c5 4.g3 Nc6 5.Bg2 Nf6 6.O-O Be7 7.e3 O-O 8.Bb2 Re8
9.d3 a6 10.Nc3 d4 11.exd4 cxd4 12.Nb1 e5 13.a3 a5 14.Nbd2 Bf5 15.Re1 Nd7
16.Ne4 Bxe4 17.Rxe4 Nc5 18.Re1 Bf8 19.b4 axb4 20.axb4 Rxa1 21.Bxa1 Nxb4 22.Rxe5 Rxe5
23.Nxe5 Be7 24.Qb1 Na4 25.Qb3 Qc7 26.Qxa4  1-0

[Event "ESP-chT Div 1"]
[Site "Cala Galdana"]
[Date "1999.11.11"]
[Round "4"]
[White "Franco Ocampo, Zenon"]
[Black "Narciso Dublan, Marc"]
[Result "1/2-1/2"]
[WhiteElo "2474"]
[BlackElo "2447"]

1.c4 e6 2.Nf3 d5 3.b3 Be7 4.Bb2 Bf6 5.Nc3 Ne7 6.d4 c5 7.cxd5 exd5 8.e3 cxd4
9.Nxd4 Nbc6 10.Nxc6 Nxc6 11.Be2 Qa5 12.Rc1 d4 13.exd4 Nxd4 14.O-O O-O 15.Bc4 Be6
16.Ne4 Nf3+ 17.Qxf3 Bxb2 18.Rb1 Bd4 19.Bxe6 fxe6 20.Qe2 Qe5 21.Rbd1 Rf4 22.Rfe1 Raf8
23.g3 R4f7 24.Qc4 Bb6 25.Re2 Rc7 26.Qd3 Qh5 27.Rf1 h6 28.Kg2 e5 29.Rd2 Bd4
30.Rc2 Rxc2 31.Qxc2 Qf3+ 32.Kg1 Qg4 33.Re1 Rc8 34.Qd3 Qg6 35.Kg2 Qc6 36.Re2 a6
37.h4 b5 38.Qf3 Rf8 39.Qg4 a5 40.Kh2 a4 41.Rd2 Kh8 42.Qe2 Rc8 43.Qf3 Qe6
44.Kg2 Kg8 45.Qd3 Qc6 46.Kh2 Kh8 47.Qe2 Kg8 48.Rd3 Qc2 49.Qg4 Rf8 50.Rd2 Rxf2+
51.Rxf2 Bxf2 52.Qe6+  1/2-1/2

[Event "Kuban 99"]
[Site "Krasnodar RUS"]
[Date "1999.11.13"]
[Round "1"]
[White "Poluljahov,A"]
[Black "Fomichenko,E"]
[Result "1/2-1/2"]
[WhiteElo "2554"]
[BlackElo "2409"]

1.c4 e6 2.Nf3 d5 3.g3 Nf6 4.Bg2 dxc4 5.Qa4+ Nbd7 6.Qxc4 a6 7.Qb3 b5 8.Ne5 Nc5
9.Qc2 Nd5 10.d4 Nb4 11.Qc3 Nd5 12.Qf3 Qf6 13.Nc3 Bb7 14.Nxd5 Bxd5 15.Qxf6 gxf6
16.Bxd5 exd5 17.Ng4 Nd7 18.Bf4 c5 19.dxc5 Bxc5 20.O-O-O d4 21.e3 h5 22.exd4 hxg4
23.Rhe1+ Be7 24.Bd6 Rc8+ 25.Kb1 Rc6 26.Bxe7 Re6 27.Bb4 Rxh2 28.Rh1 Rxh1 29.Rxh1 Nb6
30.Rh5 Kd7 31.Rf5 Kc6 32.Rc5+ Kd7 33.Rf5 Kc6 34.Rc5+ Kd7 35.Ba5 Nc4 36.Bc3 Re2
37.a3 Rxf2 38.d5 Kd6 39.Rc6+ Kxd5 40.Rxa6 f5 41.Rf6 Rf3 42.Rxf7 Nxa3+ 43.bxa3 Rxc3
44.Rxf5+ Kc6 45.Rf6+ Kc5 46.Rf5+ Kb6 47.Rf6+ Ka5 48.Kb2 Rxg3 49.Rg6 Rg1 50.Kc2 g3
51.Kb3 Rg2  1/2-1/2

[Event "Extraliga CZE"]
[Site "Ostrava CZE"]
[Date "1999.11.20"]
[Round "3"]
[White "Timoscenko,G"]
[Black "Ioseliani,N"]
[Result "1/2-1/2"]
[WhiteElo "2536"]
[BlackElo "2504"]

1.c4 e6 2.Nf3 d5 3.d4 c6 4.Qc2 Nf6 5.Bg5 h6 6.Bh4 dxc4 7.Qxc4 Qb6 8.Qc2 Nbd7
9.Nc3 c5 10.e3 cxd4 11.exd4 Bb4 12.Be2 O-O 13.O-O Bxc3 14.bxc3 Qa5 15.Bg3 Re8
16.Nd2 Nb6 17.Bf3 Nfd5 18.c4 Nb4 19.Qd1 Nc6 20.Bxc6 bxc6 21.c5 Nd5 22.Nc4 Qb4
23.Nd6 Rf8 24.Rb1 Qa3 25.Qb3 Qxb3 26.Rxb3 a5 27.a4 Ba6 28.Rfb1 Nb4 29.f3 Bd3
30.R1b2 Bg6 31.Ne4 Rfd8 32.Bd6 f6 33.Kf2 Rd7 34.Ke2 e5 35.dxe5 fxe5 36.Rd2 Re8
37.Kf2 Bf7 38.Re3 Nd5 39.Rb3 Nb4 40.Rb1 Bg6 41.Rbb2 Rf7 42.Kg1 Nd5 43.Re2 Kh7
44.Rb3 Rd7 45.h3 Bf7 46.Rbb2 Bg6 47.Kh2 Nf4 48.Re3 Nd5 49.Re1 Nb4 50.Rbe2 Nd5
51.Rb2 Nb4 52.Nf2 Bc2 53.Rxe5 Rxe5 54.Bxe5 Bxa4 55.Bc3 Bb5 56.Bxb4 axb4 57.Rxb4 Rd5
58.Ne4 Bd3  1/2-1/2

[Event "Extraliga CZE"]
[Site "Ostrava CZE"]
[Date "1999.11.20"]
[Round "3"]
[White "Mesiarik,R"]
[Black "Borik,O"]
[Result "0-1"]
[WhiteElo "2240"]
[BlackElo "2416"]

1.c4 e6 2.Nf3 d5 3.g3 g6 4.Bg2 Bg7 5.O-O Ne7 6.Na3 O-O 7.Rb1 c5 8.b3 Nbc6
9.d3 Nb4 10.Qd2 d4 11.Qb2 e5 12.Nc2 Nxc2 13.Qxc2 Nc6 14.a3 a5 15.Bd2 Qe7
16.Ne1 Bg4 17.Qd1 Rfe8 18.Nc2 Qd7 19.Re1 Bh3 20.Bh1 f5 21.b4 axb4 22.axb4 e4
23.bxc5 e3 24.Bxe3 dxe3 25.Nxe3 f4 26.Nd5 fxg3 27.hxg3 Rf8 28.e3 Ra2 29.Nf4 Bg4
30.Qb3 Ra7 31.d4 g5 32.Nd3 Qf5 33.Rb2 Bf3 34.Bxf3 Qxf3 35.Qd1 Qf7 36.Rc2 Ra4
37.Rb2 Ra3 38.Rd2 Rxd3 39.Rxd3 Qxf2+ 40.Kh1 Rf6  0-1

[Event "Extraliga CZE"]
[Site "Ostrava CZE"]
[Date "1999.11.21"]
[Round "4"]
[White "Pribyl,J"]
[Black "Jaworski,Mi"]
[Result "1/2-1/2"]
[WhiteElo "2384"]
[BlackElo "2404"]

1.c4 e6 2.Nf3 d5 3.b3 Nf6 4.g3 Be7 5.Bg2 O-O 6.O-O c5 7.e3 Nc6 8.Bb2 d4 9.exd4 cxd4
10.Re1 Ne8 11.Na3 f6 12.d3 e5 13.Nc2 Nc7 14.Qe2 Re8 15.Bc1 Bg4 16.h3 Bh5
17.Qf1 Qd7 18.Bd2 a5 19.a3 Na6 20.Rab1 Nc5 21.b4 Na4 22.Rb3 Bf7 23.Reb1 Nc3
24.Bxc3 a4 25.R3b2 dxc3 26.Ra2 Rad8 27.Nfe1 Nd4 28.Ne3 f5 29.Rc1 f4 30.Nd5 f3
31.Nxe7+ Rxe7 32.Nxf3 Nxf3+ 33.Bxf3 Qd4 34.Qe1 b5 35.Qxc3 Qxd3 36.Qxd3 Rxd3
37.Be2 e4 38.Bxd3 exd3 39.Rb2 bxc4 40.f4 Rc7 41.Rd2 Bg6 42.Rc3 Kf7 43.g4 Be4
44.Kf2 Ke6 45.Ke3 Kd5 46.Rf2 Re7 47.Kd2 Kd4 48.f5 Re8 49.Rf4 Re5  1/2-1/2

[Event "Extraliga CZE"]
[Site "Ostrava CZE"]
[Date "1999.11.21"]
[Round "4"]
[White "Pacovsky,J"]
[Black "Mozny,M"]
[Result "1/2-1/2"]
[WhiteElo "2350"]
[BlackElo "2366"]

1.c4 e6 2.Nf3 d5 3.b3 Nf6 4.g3 c5 5.cxd5 exd5 6.Bg2 Nc6 7.O-O Be7 8.Bb2 O-O
9.d4 Be6 10.Nc3 Rc8 11.e3 b6 12.Rc1 Bg4 13.h3 Bxf3 14.Bxf3 cxd4 15.exd4 Qd7  1/2-1/2

[Event "Eu Team Ch"]
[Site "Batumi GEO"]
[Date "1999.11.29"]
[Round "1"]
[White "Psakhis,L"]
[Black "Pavasovic,D"]
[Result "1/2-1/2"]
[WhiteElo "2581"]
[BlackElo "2510"]

1.c4 e6 2.Nf3 d5 3.b3 Nf6 4.g3 d4 5.Bg2 c5 6.e3 Nc6 7.exd4 cxd4 8.O-O Bd6
9.d3 O-O 10.Na3 e5 11.Nc2 Re8 12.Re1 a5 13.a3 Bf5 14.Bg5 h6 15.Bxf6 Qxf6
16.Nh4 Bh7 17.Be4 Bxe4 18.dxe4 Qe6 19.Qd3 Rac8 20.Kg2  1/2-1/2

[Event "Eu Team Ch"]
[Site "Batumi GEO"]
[Date "1999.11.30"]
[Round "2"]
[White "Marin,M"]
[Black "Aleksandrov,A"]
[Result "0-1"]
[WhiteElo "2548"]
[BlackElo "2619"]

1.c4 e6 2.Nf3 d5 3.b3 Nf6 4.g3 c6 5.Bg2 b5 6.Qc2 Be7 7.O-O O-O 8.Bb2 a5 9.d3 Na6
10.a3 Bd7 11.Nbd2 Qb6 12.e4 Rab8 13.Be5 Rbc8 14.d4 c5 15.exd5 exd5 16.Ng5 g6
17.cxd5 Ng4 18.Ngf3 Bf5 19.Qb2 Rfd8 20.h3 Nxe5 21.Nxe5 Bf6 22.g4 cxd4 23.Nc6 Bd3
24.Rfe1 Re8 25.Be4 Nc5 26.Bxd3 Nxd3 27.Rxe8+ Rxe8 28.Qb1 Nxf2 29.Qf1 d3 30.Re1 Nxg4+
31.Kh1 Rxe1 32.Qxe1 Ne3 33.Qg3 Nxd5 34.Qd6 Qe3  0-1

[Event "Eu Team Ch"]
[Site "Batumi GEO"]
[Date "1999.12.06"]
[Round "8"]
[White "Grant,J"]
[Black "Sommerbauer,N"]
[Result "0-1"]
[WhiteElo "2260"]
[BlackElo "2401"]

1.c4 e6 2.Nf3 d5 3.b3 Nf6 4.g3 a5 5.Bb2 a4 6.Qc1 Nc6 7.d4 Bb4+ 8.Nbd2 Ne4
9.Rb1 Qf6 10.a3 Bxd2+ 11.Nxd2 Qxf2+ 12.Kd1 Nxd4 13.cxd5 Nxd2 14.Qxd2 Nxb3
15.Qf4 Qxf4 16.gxf4 exd5 17.e4 Bg4+ 18.Be2 Bxe2+ 19.Kxe2 dxe4 20.Bxg7 Rg8
21.Rhg1 f5 22.h4 O-O-O 23.Bf6 Rd2+ 24.Ke3 Rgg2 25.Rxg2 Rxg2 26.Rd1 Rg3+ 27.Kf2 Rd3
28.Rg1 Kd7 29.Rg7+ Ke6 30.Bg5 Rd7 31.Rg8 c5 32.Re8+ Kd5 33.Re5+ Kc4 34.Rxf5 Rd2+
35.Kf1 Rh2 36.Re5 Nd2+  0-1

[Event "FSIMA December"]
[Site "Budapest HUN"]
[Date "1999.12.12"]
[Round "9"]
[White "Orso,M"]
[Black "Hu Yi"]
[Result "1/2-1/2"]
[WhiteElo "2339"]
[BlackElo "2375"]

1.c4 e6 2.Nf3 d5 3.e3 Nf6 4.b3 g6 5.Bb2 Bg7 6.Be2 O-O 7.O-O c5 8.cxd5 exd5
9.d3 Nc6 10.Nbd2 b6 11.Rc1 Bb7 12.a3 Rc8 13.Rc2 Qe7 14.Qa1 Rfd8 15.Re1 Ne8
16.Bf1 Bxb2 17.Qxb2 Qf6 18.Qxf6 Nxf6 19.Rec1 Nd7 20.g3 Nde5 21.d4 Nxf3+ 22.Nxf3 Na5
23.Rc3 c4 24.b4 Nc6 25.b5 Nb8 26.Nd2 f5 27.Bg2 Rc7 28.Nf3 Nd7 29.Ne5 Re8
30.f4 Nf6 31.Rb1 Ra8 32.h3 Kg7 33.g4 h6 34.Kf2 Rf8 35.gxf5 gxf5 36.Rg1 Kh7
37.Bf3 Rg8 38.Rxg8 Kxg8 39.Rc1 Nd7 40.Rg1+ Kh7 41.Ke2 Nxe5 42.dxe5 Rd7 43.Bh5 Rg7
44.Rxg7+ Kxg7 45.Kd2 Kf8 46.Kc3 Ke7 47.Kd4 Ke6 48.a4 a6 49.bxa6 Bxa6 50.Bd1 Bb7
51.Kc3 Bc6 52.Kb4 Bd7 53.a5 bxa5+ 54.Kxa5 Bc6 55.Kb6 Bd7 56.Kc5 Bc8 57.Kd4 Bb7
58.Bc2 Bc8 59.Ba4 Bd7 60.Bd1 Bc8  1/2-1/2

[Event "Vikings GMB"]
[Site "York ENG"]
[Date "1999.12.18"]
[Round "6"]
[White "McNab,C"]
[Black "Quinn,M"]
[Result "1-0"]
[WhiteElo "2445"]
[BlackElo "2377"]

1.c4 e6 2.Nf3 d5 3.b3 a5 4.Nc3 Nf6 5.e3 Be7 6.Be2 O-O 7.O-O b6 8.Bb2 Bb7
9.Rc1 Nbd7 10.cxd5 exd5 11.Nd4 Ne4 12.Ncb5 c5 13.Nf5 Bf6 14.Qc2 Bxb2 15.Qxb2 Qg5
16.g4 a4 17.f3 Qf6 18.Qxf6 Nexf6 19.Nc7 Ra5 20.g5 Ne8 21.Nxd5 g6 22.Nfe7+ Kg7
23.f4 Nd6 24.b4 Ra7 25.Nxb6 cxb4 26.Nxd7 Re8 27.f5 gxf5 28.Nxf5+ Nxf5 29.Rxf5 Be4
30.Nf6 Bxf5 31.Nxe8+ Kg6 32.h4 b3 33.axb3 axb3 34.Rc6+ Be6 35.Rb6 Ra2 36.Nf6 Rxd2
37.Bh5+ Kf5 38.Rb5+ Bd5 39.Rxd5+  1-0

[Event "8th Danube Open"]
[Site "Aschach AUT"]
[Date "1999.12.27"]
[Round "3"]
[White "Koeller,O"]
[Black "Genser,H"]
[Result "1/2-1/2"]
[WhiteElo "2293"]
[BlackElo "2160"]

1.c4 e6 2.Nf3 d5 3.b3 Nf6 4.Bb2 Be7 5.e3 O-O 6.Be2 c5 7.O-O b6 8.cxd5 Nxd5
9.Nc3 Bb7 10.d4 Nxc3 11.Bxc3 Nc6 12.Rc1  1/2-1/2

[Event "Boavista Masters"]
[Site "Porto POR"]
[Date "1999.12.31"]
[Round "5"]
[White "Galego,L"]
[Black "Arlandi,E"]
[Result "1/2-1/2"]
[WhiteElo "2427"]
[BlackElo "2465"]

1.c4 e6 2.Nf3 d5 3.e3 Nf6 4.d4 Be7 5.Nc3 O-O 6.cxd5 exd5 7.Bd3 c6 8.Ne5 Nfd7
9.f4 Nxe5 10.fxe5 c5 11.O-O Nc6 12.Kh1 g6 13.Bd2 Be6 14.Ne2 Qb6 15.Bc3 Bg5
16.Nf4 cxd4 17.exd4 Nxd4 18.Bxg6 fxg6 19.Bxd4 Qa6 20.Nxe6 Qxe6 21.Qb3 b5
22.Qd3 Rac8  1/2-1/2

[Event "Alushta3"]
[Site "Alushta"]
[Date "1999.??.??"]
[Round "?"]
[White "Savon, Vladimir A"]
[Black "Askarian, Karen"]
[Result "1/2-1/2"]
[WhiteElo "2427"]
[BlackElo "2295"]

1.c4 e6 2.Nf3 d5 3.e3 Nf6 4.b3 Bd6 5.Bb2 O-O 6.Be2 b6 7.O-O Bb7 8.cxd5 exd5
9.Nc3 a6 10.Rc1 Qe7 11.Nd4 g6 12.Bf3  1/2-1/2

[Event "Alushta3"]
[Site "Alushta"]
[Date "1999.??.??"]
[Round "?"]
[White "Savon, Vladimir A"]
[Black "Malakhatko, Vadim"]
[Result "1/2-1/2"]
[WhiteElo "2427"]
[BlackElo "2496"]

1.c4 e6 2.Nf3 d5 3.e3 Nf6 4.b3 Bd6 5.Bb2 O-O 6.Be2 Re8 7.O-O c6 8.d4 b6 9.Nc3 Nbd7
10.Rc1 Bb7 11.Bd3 c5 12.Re1 a6 13.cxd5 exd5 14.Ne2 Ne4 15.dxc5 Bxc5 16.Ng3 Ndf6
17.Nd4 g6 18.a3 Qd7 19.b4 Bd6 20.Rc2 h5 21.Nf1 Be7 22.Qe2 Nh7 23.Rec1 Bd6
24.Nf3 Nf8 25.N3d2 f5 26.Bxe4 fxe4 27.Nb3 Ne6 28.Qd2 Kh7 29.Nd4 Ng5 30.Ne2 Ne6
31.Nd4  1/2-1/2

[Event "Bagneux"]
[Site "Bagneux"]
[Date "1999.??.??"]
[Round "4"]
[White "Peyrat, Olivier"]
[Black "Doornbos, Yann"]
[Result "1-0"]
[WhiteElo "2390"]
[BlackElo "2340"]

1.c4 e6 2.Nf3 d5 3.g3 Nf6 4.b3 Be7 5.Bg2 O-O 6.O-O c5 7.e3 Nc6 8.Bb2 b6 9.Nc3 Bb7
10.cxd5 Nxd5 11.Nxd5 exd5 12.d4 Ba6 13.Re1 c4 14.bxc4 Bxc4 15.Nd2 b5 16.Nxc4 bxc4
17.Qa4 Nb4 18.Bc3 Qe8 19.Qxe8 Rfxe8 20.Re2 Red8 21.Rb2 a5 22.a3 Bf8 23.Rab1 Nc6
24.Rb6 Rac8 25.Ra1 Rc7 26.Kf1 f5 27.Ke1 Kf7 28.Ra6 Bb4 29.Kd2 Bxc3+ 30.Kxc3 Ne7
31.Rb1 Ng8 32.Rxa5 Nf6 33.Rbb5 Rcd7 34.Rb2 Ke6 35.Ra6+ Rd6 36.Ra7 R8d7 37.Ra5 Rc7
38.f3 Rcd7 39.a4 Kf7 40.Kd2 g5 41.Rab5 Re6 42.Rc2 h5 43.a5 Kg6 44.h4 gxh4
45.gxh4 Rde7 46.Rc3 f4 47.e4 dxe4 48.fxe4 Nxe4+ 49.Bxe4+ Rxe4 50.Rg5+ Kf6
51.Rxc4 Re2+ 52.Kc3 R7e3+ 53.Kb4 Rb2+ 54.Ka4 Re1 55.Ka3 Rb8 56.Rc6+ Kf7 57.Rf5+ Kg7
58.Rc2 Ra1+ 59.Ra2 Rd1 60.Rxf4 Rdb1 61.Rg2+ Kh8 62.Rf5 Ra1+ 63.Ra2 Rd1 64.Rxh5+ Kg7
65.Rg2+ Kf6 66.Rf2+ Ke6 67.Re5+ Kd6 68.Rf6+ Kc7 69.Rc5+ Kd7 70.Rd5+ Kc7 71.Rb6 Rxb6
72.axb6+ Kxb6 73.Kb4 Kc6 74.Rc5+ Kd6 75.Kc4 Rc1+ 76.Kd3 Rh1 77.h5 Rh3+ 78.Kc4 Rh1
79.Ra5 Rc1+ 80.Kd3 Rh1 81.Rg5 Rh2 82.Ke4 Ke6 83.d5+ Kf7 84.Rf5+ Ke7 85.Kf4 Rg2
86.h6 Rh2 87.Kg5 Rg2+ 88.Kh5 Rh2+ 89.Kg6 Rg2+  1-0

[Event "Regionalliga NW9899"]
[Site "Bayern"]
[Date "1999.??.??"]
[Round "?"]
[White "Kolin, Julius"]
[Black "Gehlert, Klaus"]
[Result "0-1"]
[WhiteElo "2135"]
[BlackElo "2075"]

1.c4 e6 2.Nf3 d5 3.b3 Nf6 4.Bb2 c6 5.g3 Bd6 6.Bg2 O-O 7.O-O Nbd7 8.d3 e5
9.cxd5 cxd5 10.Nc3 Re8 11.Rc1 a6 12.Nd2 Nb6 13.a4 Be6 14.Rc2 Qe7 15.Qb1 Rad8
16.Ba1 h5 17.e4 d4 18.Ne2 h4 19.h3 Nbd7 20.f4 Nc5 21.Rcc1 hxg3 22.f5 Bd7
23.Nxg3 b5 24.axb5 axb5 25.Rf2 Ra8 26.Bb2 Qd8 27.Bf1 Qa5 28.Qc2 Qb4 29.Qd1 Ra2
30.Rb1 Rea8 31.Rg2 Ne8 32.Nh5 Bf8 33.Qg4 R8a6 34.Qg3 f6 35.h4 Nb7 36.Qf3 Qe7
37.Ng3 Ned6 38.h5 Kf7 39.h6 Kg8 40.Nh5 Ne8 41.Qh3 g5 42.Ng3 Qh7 43.Rh2 Ned6
44.Be2 Nf7 45.Bh5 Nxh6 46.Bg6 Qxg6 47.fxg6 Bxh3 48.Rxh3 Kg7 49.Rh2 Kxg6 50.Nf3 Rc6
51.Re2 Nd8 52.Rf2 Ne6 53.Bxd4 Rxf2 54.Bxf2 Nf4 55.d4 Ng4 56.Kf1 Rc3 57.Ne1 exd4
58.Nf5 Rh3 59.Bxd4 Rh1+ 60.Bg1 Bc5 61.Nf3 Nh2+ 62.Ke1 Nxf3+  0-1

[Event "Regionalliga NO9899"]
[Site "Bayern"]
[Date "1999.??.??"]
[Round "?"]
[White "Goetz, Dieter"]
[Black "Thanner, Hans Peter"]
[Result "1/2-1/2"]
[WhiteElo "1985"]
[BlackElo "2095"]

1.c4 e6 2.Nf3 d5 3.b3 a5 4.Bb2 a4 5.a3 axb3 6.Qxb3 Nc6 7.cxd5 exd5 8.d3 Nf6
9.g3 Na5 10.Qc2 c6 11.Bg2 Be7 12.O-O Qb6 13.Nbd2 O-O 14.Rfc1 Rd8 15.Rab1 Qa6
16.d4 b5 17.Ra1 Be6 18.Ng5 Nc4 19.Nxc4 bxc4 20.e4 h6 21.Nxe6 fxe6 22.e5 Nh7
23.Bh3 Qc8 24.f4 c5 25.a4 cxd4 26.Bxd4 Ra6 27.Rcb1 Bc5 28.Qf2 Bxd4 29.Qxd4 Qc6
30.Bg4 Rc8 31.f5 exf5 32.Bxf5 Ng5 33.Kg2 Rf8 34.Rf1 g6 35.Bg4 Rxf1 36.Rxf1 Ne4
37.Bd1 Qc5 38.Qxc5 Nxc5 39.Bc2 Kg7 40.Rd1 Nxa4 41.Rxd5 Nb6 42.Rd6 Ra2 43.Rxg6+ Kh7
44.Rxb6+ Rxc2+  1/2-1/2

[Event "Regionalliga SW9899"]
[Site "Bayern"]
[Date "1999.??.??"]
[Round "?"]
[White "Kowarsch, Heinrich"]
[Black "Benedde, Guenter"]
[Result "0-1"]
[WhiteElo "2005"]
[BlackElo "2080"]

1.c4 e6 2.Nf3 d5 3.d4 dxc4 4.Nc3 Nd7 5.Qa4 Nf6 6.e4 c6 7.Qxc4 Nb6 8.Qb3 Be7
9.Bg5 O-O 10.Rd1 Nfd5 11.h4 Nxc3 12.bxc3 h6 13.Be3 Qc7 14.g4 c5 15.g5 h5
16.Be2 Bd7 17.Ne5 Ba4 18.Qb2 Bxd1 19.Bxd1 g6 20.Qb3 Bd6 21.Nxg6 c4 22.Qc2 fxg6
23.e5 Rf5 24.exd6 Qxd6 25.Qe2 Qc6 26.Rh2 Nd5 27.Bd2 Re8 28.Bc2 b5 29.Be4 Qd7
30.Kf1 Qf7 31.Qd1 Kg7 32.Qb1 a6 33.Bxf5 exf5 34.Rh3 Qe6 35.Qe1 Qd7 36.Qd1 Re4
37.Rh2 a5 38.Qc1 Qc7 39.Rh3 b4 40.f3 Re6 41.f4 Kh7 42.Rf3 Re4 43.Rf2 bxc3
44.Bxc3 Nxf4 45.Bxa5 Qb8 46.Qb2 Qe8 47.Qb7+ Re7 48.Qf3 Re4 49.Rb2 Qc6 50.Qa3 Nd3
51.Rg2 Rf4+ 52.Kg1 Qe4 53.Bd2 Qxd4+ 54.Kh2 Rxh4+ 55.Kg3 Qg4+  0-1

[Event "Regionalliga SW9899"]
[Site "Bayern"]
[Date "1999.??.??"]
[Round "?"]
[White "Niedergesaess, Herbert"]
[Black "Katzer, Joachim"]
[Result "0-1"]
[WhiteElo "1890"]
[BlackElo "1935"]

1.c4 e6 2.Nf3 d5 3.d4 c5 4.cxd5 exd5 5.Nc3 Nc6 6.g3 Nf6 7.Bg2 Be7 8.O-O O-O
9.Bg5 cxd4 10.Nxd4 h6 11.Bxf6 Bxf6 12.e3 Nxd4 13.exd4 Be6 14.Qd2 Qd7 15.f4 Rac8
16.f5 Bxf5 17.Nxd5 Bg5 18.Qf2 Bd3 19.Rfe1 Rfe8 20.Rxe8+ Rxe8 21.Re1 Bc4 22.Rxe8+ Qxe8
23.Nf4 Bxf4 24.gxf4 Bxa2 25.Bxb7 Qd7 26.Bg2 Bd5 27.Bxd5 Qxd5 28.Qe3 Qf5 29.b3 Qg4+
30.Kf1 Qd1+ 31.Kf2 Qc2+ 32.Kg3 Qg6+ 33.Kf2 Qc2+ 34.Kg1 Qd1+ 35.Kg2 Qg4+ 36.Kf2 Qh4+
37.Qg3 Qf6 38.Ke3 Qe6+ 39.Kd2 Qd5 40.Kc3 a5 41.Qe3 Qc6+ 42.Kd3 Qb5+ 43.Kd2 a4
44.bxa4 Qxa4 45.h3 Qa2+ 46.Ke1 Qb1+ 47.Kf2 Qc2+ 48.Qe2 Qf5 49.Kg3 Qg6+ 50.Kh2 Qf5
51.Qd2 Qd5 52.Qe3 Qc6 53.Qd3 Qc1 54.f5 Qf4+ 55.Kg2 Qg5+ 56.Kf3 Qh5+ 57.Kf2 Qh4+
58.Ke2 Qh5+ 59.Qf3 Qh4 60.Kd3 Qe1 61.d5 Qb1+ 62.Ke3 Qb6+ 63.Kf4 Qd6+ 64.Kg4 Qb4+
65.Qf4 h5+ 66.Kg3 Qe1+ 67.Kg2 Qe2+ 68.Qf2 Qe5 69.Qf3 g6 70.fxg6 fxg6 71.Qd3 Qg5+
72.Kf3 Qf6+ 73.Ke4 g5 74.d6 Qe6+ 75.Kd4 Qxd6+ 76.Ke4 Qxd3+ 77.Kxd3 Kf7 78.Ke4 Ke6
79.h4 g4 80.Kf4 Kd5 81.Ke3 Ke5  0-1

[Event "Landesliga Sued 9899"]
[Site "Bayern"]
[Date "1999.??.??"]
[Round "?"]
[White "Wolfsteiner, Helmut"]
[Black "Stocker, Rupert"]
[Result "1-0"]
[WhiteElo "2195"]
[BlackElo "2110"]

1.c4 e6 2.Nf3 d5 3.d4 c5 4.cxd5 exd5 5.Nc3 Nc6 6.g3 Nf6 7.Bg2 cxd4 8.Nxd4 Be7
9.O-O O-O 10.Be3 Re8 11.Rc1 Bf8 12.Bg5 h6 13.Bxf6 Qxf6 14.e3 Be6 15.Ncb5 Rec8
16.Nc3 Rd8 17.Qa4 Nxd4 18.exd4 Bd7 19.Qb3 Bc6 20.Rcd1 Qd6 21.Rfe1 Be7 22.Nxd5 Bf8
23.Nc3 Bxg2 24.Kxg2 b6 25.Re3 Rd7 26.d5 Rad8 27.Red3 h5 28.Qa4 g6 29.Nb5 Qb8
30.Nd4 Qd6 31.Nf3 Bg7 32.R1d2 Qc5 33.Qb3 b5 34.Rc2 Qb6 35.Rc6 Qb7 36.Rc5 a6
37.Rc6 Rd6 38.Rxd6 Rxd6 39.Rd2 Qb6 40.Qe3 Qd8 41.Qc5 Bf8 42.b3 Qf6 43.Qd4 Qf5
44.Qe5 Qd7 45.Qe4 Bh6 46.Rd1 Bg7 47.Ne1 Rf6 48.Nd3 Rf5 49.Nc5 Qd6 50.Qe8+ Kh7
51.Ne4 Qb6 52.Qc6 Bd4 53.Qxb6 Bxb6 54.f4 Bc7 55.d6 Bd8 56.d7 f6 57.Rd2 Kg7
58.Nd6  1-0

[Event "Landesliga Nord 9899"]
[Site "Bayern"]
[Date "1999.??.??"]
[Round "?"]
[White "Kreuzer, Gerhard"]
[Black "Horther, Heinrich"]
[Result "1/2-1/2"]
[WhiteElo "2180"]
[BlackElo "2195"]

1.c4 e6 2.Nf3 d5 3.g3 Nf6 4.Bg2 Be7 5.O-O O-O 6.d3 c6 7.Nc3 Qc7 8.e4 dxe4
9.dxe4 e5 10.h3 Rd8 11.Qe2 Bf8 12.Bg5 Nbd7 13.Rad1 Re8 14.Rd2 h6 15.Be3 Nb6
16.Nh4 Be6 17.b3 Rad8 18.Rxd8 Rxd8 19.Nf5 Qd7 20.Rd1 Qc8 21.g4 Rxd1+ 22.Qxd1 Qd7
23.Qe2 Ne8 24.Kh2 Kh7 25.Qd2  1/2-1/2

[Event "Cannes op"]
[Site "Cannes"]
[Date "1999.??.??"]
[Round "8"]
[White "Banas, Jan"]
[Black "Moncamp, Gilles"]
[Result "1-0"]
[WhiteElo "2416"]
[BlackElo "2230"]

1.c4 e6 2.Nf3 d5 3.g3 c6 4.Qc2 Bd6 5.Bg2 Nd7 6.b3 Qe7 7.O-O Ngf6 8.d4 Ne4
9.Nfd2 f5 10.Nxe4 fxe4 11.f3 exf3 12.exf3 e5 13.cxd5 exd4 14.dxc6 bxc6 15.Qxc6 Rb8
16.Bg5 Qxg5 17.Qxd6 Qe3+ 18.Kh1 Rb6 19.Qc7 Ba6 20.Na3 Bxf1 21.Rxf1 Qe7 22.Qc8+ Qd8
23.Re1+ Kf7 24.Qc4+ Kg6 25.Qd3+ Kh6 26.Nc4 Ra6 27.Ne3 Nc5 28.Ng4+ Kh5 29.Re5+ g5
30.Rxc5 Rxa2 31.h4 h6 32.Rc8 Rd2 33.Rxd8 Rxd3 34.Rxh8 gxh4 35.Rxh6+ Kg5 36.gxh4+ Kf4
37.Kh2 Rxb3 38.Rf6+  1-0

[Event "Canovelles opA"]
[Site "Canovelles"]
[Date "1999.??.??"]
[Round "8"]
[White "Sorroche Martin, Jose Maria"]
[Black "Castillo Barranco, D."]
[Result "1-0"]
[WhiteElo "2270"]
[BlackElo "1965"]

1.c4 e6 2.Nf3 d5 3.b3 Nf6 4.Bb2 Be7 5.g3 c6 6.Bg2 Nbd7 7.O-O O-O 8.d3 Qc7
9.Nbd2 Re8 10.Qc2 a6 11.e4 dxc4 12.Nxc4 Rd8 13.d4 Nf8 14.Bc3 N6d7 15.Rac1 Ng6
16.h4 h6 17.Qd2 b6 18.d5 Nf6 19.Bxf6 gxf6 20.Ne3 c5 21.h5 Ne5 22.Nh2 exd5
23.Nxd5 Qd6 24.Qxh6 Be6 25.Nxf6+  1-0

[Event "Crans Montana op"]
[Site "Crans Montana"]
[Date "1999.??.??"]
[Round "3"]
[White "Tukmakov, Vladimir B"]
[Black "Kelecevic, Nedeljko"]
[Result "1/2-1/2"]
[WhiteElo "2581"]
[BlackElo "2425"]

1.c4 e6 2.Nf3 d5 3.d4 Nf6 4.g3 dxc4 5.Bg2 Nc6 6.Qa4 Bb4+ 7.Bd2 Nd5 8.Bxb4 Nxb4
9.O-O O-O 10.a3 Nd5 11.Qxc4 Nb6 12.Qc3 a5 13.Nbd2 Nd5 14.Qc2 Nf6 15.e3 Ne7
16.Rac1 c6 17.Ne5 Qc7 18.Nb3 Rd8 19.Nc5 Bd7 20.Qb3 Ra7 21.Bh3 Ng6 22.f4 Bc8
23.Nc4 Nf8 24.Rfd1 a4 25.Qc2 b6 26.Nd3 Nd5 27.Qf2 f6 28.Bg2 Ba6 29.e4 Bxc4
30.Rxc4 Ne7 31.Nb4 Qd7 32.Bf3 Rc7 33.Kg2 Rdc8 34.Rdc1 h6 35.h4 Kh8 36.h5 Kg8
37.R4c3 Kh8 38.Rd1 Qe8 39.Qc2 c5 40.d5 Ra7 41.Na2 Rd8 42.Re3 e5 43.Qf2 Nc8
44.Nc1 Nd6 45.Nd3  1/2-1/2

[Event "Edinburgh op"]
[Site "Edinburgh"]
[Date "1999.??.??"]
[Round "1"]
[White "Stephenson, F Norman"]
[Black "Summerscale, Aaron"]
[Result "0-1"]
[WhiteElo "2212"]
[BlackElo "2450"]

1.c4 e6 2.Nf3 d5 3.b3 c5 4.e3 Nc6 5.g3 d4 6.exd4 cxd4 7.Bg2 Bd6 8.O-O Nge7
9.Re1 O-O 10.d3 e5 11.c5 Bc7 12.Nbd2 Nd5 13.Nc4 f6 14.Nh4 Be6 15.Qh5 Qd7
16.Nf5 Bxf5 17.Bxd5+ Qxd5 18.Qxf5 Nb4 19.Re4 g6 20.Rg4 Kf7 21.Qe4 Qxe4 22.Rxe4 Nxd3
23.Ba3 f5 24.Re2 Rfe8 25.Rd1 e4 26.b4 Ne5 27.Nxe5+ Bxe5 28.Bb2 d3 29.Red2 Bxb2
30.Rxb2 Rad8 31.b5 Rd5 32.c6 bxc6 33.bxc6 Rc5 34.Rb7+ Re7 35.Rdb1 Rxc6 36.Kf1 Rc1+
37.Rxc1 Rxb7 38.Re1 Ke6  0-1

[Event "Tres Peons op"]
[Site "ESP"]
[Date "1999.??.??"]
[Round "2"]
[White "Vidarte Morales, Arturo"]
[Black "Severri Arrese, Carles"]
[Result "1-0"]
[WhiteElo "2425"]
[BlackElo "2140"]

1.c4 e6 2.Nf3 d5 3.d4 c6 4.Qc2 Na6 5.a3 Nc7 6.Bf4 Bd6 7.Bg3 Nf6 8.e3 O-O
9.Bd3 dxc4 10.Bxc4 h6 11.Nc3 Ng4 12.Qe2 b5 13.Bd3 Nd5 14.Bxd6 Nxc3 15.bxc3 Qxd6
16.e4 Qc7 17.e5 h5 18.h3 Nh6 19.Qe4 g6 20.O-O Qe7 21.Qf4 Kg7 22.Ng5 f5 23.exf6+ Qxf6
24.Qc7+ Nf7 25.Ne4 Qd8 26.Qxc6 Rb8 27.Nc5 Rb6 28.Qe4 e5 29.dxe5 Bxh3 30.e6 Bf5
31.Qe3 Re8 32.Bxf5 Nh6 33.Bh3 g5 34.Rad1 Qf6 35.Nd7 Rexe6 36.Bxe6  1-0

[Event "Gent op 22nd"]
[Site "Gent"]
[Date "1999.??.??"]
[Round "5"]
[White "Vandevoort, Pascal"]
[Black "Lacrosse, Marc"]
[Result "1-0"]
[WhiteElo "2370"]
[BlackElo "2270"]

1.c4 e6 2.Nf3 d5 3.g3 Nf6 4.b3 Be7 5.Bb2 O-O 6.Bg2 c5 7.O-O Nc6 8.e3 b6 9.Nc3 dxc4
10.bxc4 Bb7 11.Qe2 Qc7 12.Rfd1 Rfd8 13.d3 a6 14.Rab1 Rab8 15.Rd2 Na7 16.Ne1 Bxg2
17.Kxg2 b5 18.cxb5 axb5 19.Rc1 Qb7+ 20.Kg1 Rd7 21.f4 Rbd8 22.Rdd1 Qa6 23.a3 Nc6
24.g4 Na5 25.g5 Nd5 26.Nxd5 Rxd5 27.e4 R5d7 28.Nf3 c4 29.Ne5 cxd3 30.Qh5 g6
31.Qh6 Bf8 32.Qh3 Qa7+ 33.Kf1 Bg7 34.Nxd7 Qxd7 35.Bxg7 Kxg7 36.Rc3 d2 37.Qh6+ Kg8
38.Rh3 f5 39.Rxd2  1-0

[Event "Oberliga Ost B9899"]
[Site "GER"]
[Date "1999.??.??"]
[Round "?"]
[White "Hess, Ralf"]
[Black "Starke, Dieter"]
[Result "1/2-1/2"]
[WhiteElo "2365"]
[BlackElo "2255"]

1.c4 e6 2.Nf3 d5 3.g3 Nf6 4.Bg2 Be7 5.b3 O-O 6.Bb2 c5 7.cxd5 exd5 8.d4 Nc6
9.O-O Ne4 10.Nc3 Bf6 11.Na4 b6 12.Rc1 Ba6 13.dxc5 Bxb2 14.Nxb2 bxc5 15.Nd3 Re8
16.Re1 Qf6 17.Nxc5 Nc3 18.Rxc3 Qxc3 19.Nxa6 Qa5 20.Ng5 Rad8 21.Qb1 h6 22.Qh7+ Kf8
23.Nf3 Ne5 24.b4 Nxf3+ 25.Bxf3 Qxa6 26.Qh8+ Ke7 27.Qxg7 Qf6 28.Qxf6+ Kxf6
29.Rc1 Re6 30.Rc5 Rb6 31.a3 Ra6 32.Bxd5 Rxa3 33.f4 Rd7 34.Kf2 Ra1 35.g4 Rb1
36.b5 Rb4 37.Kg3 Rb2 38.e4 Rd2 39.h3 Kg7 40.Kh4 Rd3 41.Bc6 Re7 42.Rf5 Rc3  1/2-1/2